[Event "9th LCC FIDE Open 2017"]
[Site "London"]
[Date "2017.12.08"]
[Round "8"]
[White "Fernandez, Daniel Howard"]
[Black "Houska, Jovanka"]
[Result "1/2-1/2"]
[WhiteElo "2500"]
[BlackElo "2407"]
[Annotator "TA"]
[PlyCount "191"]
[EventDate "2017.??.??"]
[EventCountry "ENG"]
[SourceTitle "playchess.com"]
[Source "ChessBase"]
[SourceQuality "1"]

{[%evp 9,191,-6,23,25,27,42,49,37,28,10,54,35,33,22,45,22,66,63,47,22,60,21,38,14,20,0,9,0,0,0,46,40,38,37,61,28,28,27,58,33,60,62,69,67,69,51,157,144,249,237,244,231,224,150,158,157,157,161,161,161,158,151,152,150,223,29,30,30,31,31,31,8,8,8,8,0,0,0,0,0,0,0,0,0,0,0,0,0,0,0,0,-71,0,-8,0,0,0,0,0,0,0,0,0,-8,-8,-16,-5,-2,0,0,0,0,0,0,0,0,0,0,0,0,0,0,0,0,0,0,0,0,0,0,0,0,0,0,0,0,0,0,0,0,0,0,0,0,0,0,0,0,0,0,0,0,0,0,5,0,12,12,12,12,12,12,5,5,12,12,12,12,12,12,12,12,12,12,12,12,12,12,12,12,20,20,41,-8]} 1. e4 c6 2. f4 d5 3. d3 (3. e5 Bf5 4. Nf3 e6 5. d4 Nh6 6. Nc3 Bg4 7. Bd3 Nf5 8. Bxf5 Bxf5 9. O-O Be7 10. a4 c5 11. Be3 c4 12. Ne2 h5 13. Ng3 {0-1 (50) Short,N (2688)-Eljanov,P (2755) Malmo 2017}) 3... dxe4 4. dxe4 Qxd1+ 5. Kxd1 e5 6. fxe5 {B10: Caro-Kann: 2 d3 and 2 c4} Bg4+ 7. Be2 Bxe2+ 8. Kxe2 Nd7 9. Nf3 Ne7 10. Bf4 $146 ({Predecessor:} 10. e6 fxe6 {½-½ (29) Tiller,B (2353)-Arkell,K (2479) Sunningdale 2006}) 10... Ng6 11. Bg3 O-O-O 12. Nbd2 Re8 {[%cal Rg6e5]} 13. Rhf1 h5 14. h4 Rg8 15. Rae1 Bc5 16. c3 f6 17. b4 Bb6 18. exf6 gxf6 19. Nd4 Nge5 20. Nf5 $36 {[%mdl 2048] White has good play.} Bc7 21. Kd1 {[%cal Be2d1,Bd1c2,Bc2b3][%mdl 32]} c5 22. Re2 cxb4 23. cxb4 Re6 24. Kc2 Rg4 25. Kb3 a5 26. a3 {[%cal Ba2a3,Ba3b4,Bb4b5,Bb5b6][%mdl 32]} axb4 27. axb4 Nb8 ({Black should play} 27... Nc6 $14 28. Re3 Nce5) 28. Bxe5 $1 $16 Bxe5 (28... fxe5 $16 29. Ne3 Nc6) 29. Rc1+ $18 Bc7 30. Nc4 $1 {[%cal Rc4d6] Hoping for Ncd6+.} Na6 31. Ka3 {Strongly threatening b5.} Kb8 32. b5 $1 {[%cal Rb5a6]} Bf4 33. Rd1 $1 {[%cal Rd1d8]} Nc5 34. b6 {[%cal Rd1d8]} Rg8 {[#]} 35. g3 $1 {[%mdl 512]} Be5 (35... Bxg3 36. Rg1) 36. Nxe5 fxe5 {[#]} (36... Rxe5 $16 {was worth a try.} 37. Rd5 Rge8) 37. Rd6 $2 (37. Rd5 $1 $18 {[%cal Rd5c5]} Na6 38. Rb2) 37... Rxd6 38. Nxd6 Rxg3+ $11 {[%mdl 4096] Endgame KRN-KRN} 39. Kb4 Nd7 $1 40. Nc4 {Black must now prevent Rd2.} Rg1 41. Rd2 Rb1+ 42. Ka5 Ra1+ 43. Kb5 Rb1+ 44. Nb2 Kc8 45. Rc2+ Kd8 46. Rg2 Ke7 47. Ka5 Ra1+ 48. Kb5 $1 Rb1 49. Ka5 Ra1+ 50. Kb4 {[#]} (50. Kb5 $1 $11) 50... Rb1 ({But not} 50... Nxb6 51. Rg5 $11) (50... Re1 $1 $17 {[%cal Re1e4]} 51. Kb5 Rxe4 52. Rg7+ Ke6) 51. Rg7+ Ke8 52. Kb3 Nxb6 53. Rg5 Nd7 54. Rxh5 b5 55. Rh8+ Ke7 56. h5 Nc5+ 57. Ka3 Rh1 58. h6 Nxe4 59. Nd3 Rh3 60. Kb4 Rxd3 {KRN-KR} 61. h7 $1 Rd4+ 62. Ka5 Nd6 {[#]} 63. Re8+ $1 {[%mdl 512]} Nxe8 64. h8=Q {KQ-KRN} Rd5 65. Qh7+ Kf6 66. Qg8 Rd8 67. Qh8+ (67. Qg4 $5 {[%cal Rg4h4]} Rd4 68. Qf3+ Ke6 69. Qb3+ Kd6 70. Kxb5 $11) 67... Ke6 68. Qh3+ Ke7 69. Qh7+ Ke6 70. Qh3+ Ke7 71. Qf5 Rd5 72. Qh7+ Kf6 73. Kb6 b4 74. Qg8 Rd8 75. Kc5 b3 {Threatens to win with ...Rc8+.} 76. Qxb3 Rc8+ 77. Kd5 Rd8+ 78. Kc5 Rc8+ 79. Kd5 Rd8+ 80. Kc6 Rd4 81. Qf3+ Rf4 82. Qh5 Ng7 83. Qh6+ Kf7 {...Rf6+ is the strong threat.} 84. Kd5 Rf6 85. Qc1 Re6 86. Ke4 Kf6 87. Qf1+ Ke7 88. Qg1 Kf7 89. Qf2+ Ke7 90. Qe3 Kf7 91. Qg5 Kf8 92. Qh4 Kf7 93. Qd8 Kg6 94. Qf8 Kh7 95. Qf7 Kh6 96. Qxe6+ {Precision: White = 70%, Black = 60%.} 1/2-1/2

[Event "9th LCC FIDE Open 2017"]
[Site "London"]
[Date "2017.12.08"]
[Round "8"]
[White "Bartholomew, John"]
[Black "Quillan, Gary"]
[Result "1-0"]
[WhiteElo "2448"]
[BlackElo "2344"]
[Annotator "TA"]
[PlyCount "95"]
[EventDate "2017.??.??"]
[EventCountry "ENG"]
[SourceTitle "playchess.com"]
[Source "ChessBase"]
[SourceQuality "1"]

{[%evp 28,95,49,24,62,41,42,45,60,43,24,27,33,26,43,6,8,9,29,13,27,0,0,0,-4,-7,0,-23,9,7,14,0,26,17,24,1,27,10,122,131,130,60,75,87,136,80,66,115,495,494,483,-236,476,472,589,547,533,496,890,898,888,887,827,814,790,776,1185,1172,959,737]} 1. d4 e6 2. c4 Nf6 3. Nf3 c5 4. d5 exd5 5. cxd5 d6 6. Nc3 g6 7. Bf4 a6 8. a4 Bg7 9. h3 O-O 10. e3 Re8 {A61: Benoni} 11. Nd2 Nbd7 12. Be2 Ne5 13. O-O Nfd7 14. Qc2 f5 15. Bh2 {LiveBook: 10 Partien} Qe7 {[#]} 16. Rab1 $146 ({Vorgänger:} 16. Rae1 Nf6 17. f4 Nf7 18. Bd3 {1-0 (33) Jaracz,P (2531)-Feldtmann,T (2280) Pardubice 2013}) 16... Rf8 17. Rfe1 b6 18. f4 Nf7 19. e4 fxe4 20. Ndxe4 Nf6 21. Bd3 {Droht Sxc5! und aus.} Nxe4 22. Nxe4 Qc7 23. Nd2 {[%cal Be4d2,Bd2f3,Bf3g5][%mdl 32]} Nh6 24. Nf3 Nf5 25. Ng5 Nd4 26. Qd1 Bh6 27. Rc1 Qb7 28. Kh1 Bf5 29. Ne6 Bxe6 30. dxe6 Rf6 31. Qg4 Re8 32. Rcd1 d5 {[#]} (32... Kh8 $11) 33. Re5 $1 $16 Bg7 {[%cal Rf6e6] [#]} ({Nur nicht} 33... Nxe6 $2 34. f5) 34. Rde1 (34. Bg1 $1 $16) 34... c4 35. Bb1 Rff8 {[#]} 36. Bxg6 $1 {[%mdl 512]} hxg6 37. Qxg6 {Droht stark Th5.} Qe7 $2 {[%mdl 8192]} (37... Qc6 $16) 38. Rh5 $18 {[%csl Gh5][%cal Rg6h7]} Rf6 39. Qh7+ Kf8 40. f5 {Weiß steht klar auf Gewinn.} Nc2 ({Natürlich nicht} 40... Qb4 41. Rd1 $18) 41. Re2 Nd4 42. Re3 Nxe6 (42... Nxf5 $142 43. Rxf5 Rxf5 44. Qxf5+ Kg8) 43. Rxe6 Rxe6 44. fxe6 Qxe6 45. Rf5+ Bf6 46. Bg3 Qc6 47. Bh4 Re6 48. Qg6 {Precision: Weiß = 60%, Schwarz = 40%.} 1-0

[Event "9th LCC FIDE Open 2017"]
[Site "London"]
[Date "2017.12.08"]
[Round "8"]
[White "Cawdery, Daniel"]
[Black "Baenziger, Fabian"]
[Result "1-0"]
[WhiteElo "2447"]
[BlackElo "2400"]
[Annotator "TA"]
[PlyCount "173"]
[EventDate "2017.??.??"]
[EventCountry "ENG"]
[SourceTitle "playchess.com"]
[Source "ChessBase"]
[SourceQuality "1"]

{[%evp 12,173,14,28,20,25,21,18,44,44,39,12,26,26,27,26,40,26,44,26,31,27,36,33,45,18,90,69,63,75,68,90,129,131,156,161,161,150,168,167,170,171,196,200,197,200,200,200,229,223,239,240,233,228,351,302,416,409,458,456,442,434,454,457,452,448,543,538,574,573,556,485,498,514,493,497,501,481,541,538,536,493,572,602,596,304,384,0,567,601,600,599,593,593,575,491,549,528,472,419,444,438,465,402,532,450,561,560,545,538,541,541,544,539,510,502,627,622,606,599,641,570,559,536,506,485,562,566,557,560,556,488,479,0,548,538,620,559,570,564,620,612,626,627,625,627,608,591,814,822,823,822,993,992,1001,939,931,911,903,890,1106,1079,29987,29988]} 1. e4 c5 2. Nc3 Nc6 3. Bb5 Nd4 4. Bc4 g6 5. Nf3 Bg7 6. Nxd4 cxd4 7. Qf3 {[%csl Gc4][%cal Rf3f7] [#]} Nf6 {B23: Closed Sicilian: Lines without g3} (7... f5 8. Ne2 Qa5 9. c3 dxc3 10. dxc3 Nf6 11. exf5 Qxf5 12. Qxf5 gxf5 13. Bf4 d6 14. Rd1 Bd7 15. O-O {1-0 (69) Wei,Y (2724)-Dubov,D (2661) Ningbo 2015}) 8. e5 dxc3 9. dxc3 O-O {White must now prevent ...Ng4!The position is equal.} 10. exf6 Bxf6 11. O-O Rb8 $146 ({Predecessor:} 11... d6 12. Re1 Qc7 13. Bd5 Bg7 14. Bg5 e6 15. Be4 {0-1 (48) Semenova,E (2284)-Afanasieva,A (2112) Sochi 2017}) 12. Bh6 Re8 13. Qd5 e6 14. Qd6 Ra8 15. Rfe1 Be7 16. Qd4 {[%csl Gh6][%cal Rd4g7]} Bf6 17. Qf4 Bg7 18. Rad1 $40 {[%mdl 128] White has some attack.} Qf6 (18... d5 $11 {remains equal.}) 19. Bb5 (19. Qxf6 {looks sharper.} Bxf6 20. Bf4 Kg7 21. Bb5 a6 22. Bxd7 Rd8 23. Bxc8 Raxc8 24. Be3) 19... Rd8 20. Bg5 Qxf4 21. Bxf4 d5 22. Bc7 Bd7 23. Bxd8 Bxb5 24. Bg5 a5 25. Be3 a4 26. Bd4 h5 27. Bxg7 Kxg7 $18 {[%mdl 4096] Endgame KRR-KRB} 28. Rd4 Rc8 29. Rb4 Rc5 30. f4 a3 31. b3 Ba6 32. Re3 f6 (32... b5 $142 33. Kf1 Kf6) 33. Rd4 ({Less strong is} 33. Rxe6 Rxc3 34. Ra4 Rxc2 $16) 33... g5 34. fxg5 e5 35. gxf6+ Kxf6 36. Rd2 Ke6 37. Kf2 Rc7 38. Ke1 b5 39. Rg3 Bc8 40. Rf2 {Rg6+ is the strong threat.} e4 41. b4 h4 42. Rg6+ Ke5 43. Rg5+ Ke6 44. Kd2 h3 45. g3 Rc4 46. Rg8 Ke5 47. Re8+ Be6 48. Rb8 Bf5 49. Re8+ (49. Re2 $142) 49... Be6 50. g4 e3+ 51. Kxe3 Rxg4 52. Kd2 Rg6 53. Ref8 Bd7 54. R8f3 Be6 55. Re3+ Kd6 56. Re1 Bd7 57. Rb1 Ke5 58. Rb3 Rg1 59. Rxa3 Bg4 60. Ra8 Rd1+ 61. Ke3 Re1+ 62. Kd3 Rd1+ 63. Rd2 Bf5+ 64. Ke3 Re1+ 65. Re2 Ra1 66. Kf3+ Be4+ 67. Kg3 Rg1+ 68. Kxh3 Kf4 69. Rf2+ Ke3 70. Raf8 Rg6 71. R8f6 Rg7 {intending ...Rh7+.} 72. Rf8 Rg6 $1 73. Kh4 Rh6+ 74. Kg5 Rg6+ {[#]} 75. Kh5 $1 Rc6 76. h4 {[%cal Bh2h4,Bh4h5,Bh5h6,Bh6h7][%mdl 32]} Rxc3 77. Kg5 Rc7 78. R8f7 Rc8 {and the idea ...Rg8+ leaves Black hopeful.} 79. h5 Bxc2 80. h6 Be4 81. Rh2 Rg8+ 82. Kf6 Rg6+ 83. Ke7 Rg8 84. h7 Rh8 85. Kf6 d4 86. Rh3+ Ke2 87. Re7 {Precision: White = 77%, Black = 35%.} 1-0

[Event "9th LCC FIDE Open 2017"]
[Site "London"]
[Date "2017.12.08"]
[Round "8"]
[White "Hansen, Torbjorn Ringdal"]
[Black "Gumularz, Szymon"]
[Result "0-1"]
[WhiteElo "2408"]
[BlackElo "2376"]
[Annotator "TA"]
[PlyCount "64"]
[EventDate "2017.??.??"]
[EventCountry "ENG"]
[SourceTitle "playchess.com"]
[Source "ChessBase"]
[SourceQuality "1"]

{[%evp 9,64,22,25,14,32,29,68,70,72,82,74,36,90,18,32,0,0,0,20,8,10,-10,-14,-31,-4,-22,34,37,70,64,48,0,0,0,0,0,26,34,77,0,0,0,0,0,0,-28,0,0,-36,-28,264,-2770,-2022,-29992,-29993,-29993,-29994]} 1. e4 c6 2. Nc3 d5 3. Nf3 Nf6 4. e5 Ne4 5. Nb1 (5. Ne2 Qb6 6. d4 e6 7. Ng3 c5 8. Bd3 Nc6 9. Nxe4 dxe4 10. Bxe4 cxd4 11. O-O Bd7 12. a3 h6 13. Re1 {1-0 (71) Short,N (2675)-Caruana,F (2827) Caleta 2017}) 5... Qb6 {[%csl Ge4][%cal Rb6f2]} 6. d4 {B11: Caro-Kann: Two Knights Variation} Bg4 7. Be2 e6 8. Ng1 $1 {White is slightly better.} Bxe2 9. Nxe2 f6 10. exf6 $146 ({Predecessor:} 10. Nf4 Nd7 11. exf6 Ndxf6 12. Nxe6 c5 13. Nxf8 Rxf8 {1-0 (40) Comte,F (2159)-Bollengier,T (2157) France 2005}) 10... gxf6 (10... Nxf6 $14 11. Nf4 Kf7) 11. Ng3 ({White should try} 11. Nf4 $16) 11... h5 12. Nc3 (12. Nxe4 {feels hotter.} dxe4 13. O-O Nd7 14. c3 f5 15. Nd2) 12... Nxc3 13. bxc3 Nd7 14. Nxh5 O-O-O 15. Nf4 Bd6 16. Be3 (16. Nxe6 $2 Rde8 $19) 16... Rdg8 17. Nxe6 Rxg2 (17... Rh4 $1 $11) 18. Qf3 $14 Rhg8 (18... Rhxh2 $6 19. Rxh2 Rxh2 20. Kd2 $16) (18... Rgxh2 $6 19. Kd2 $16) 19. Kd2 Qa5 20. Rab1 Nb6 (20... Qxa2 $2 21. Bf4 $18) 21. Rxb6 $1 axb6 {[%cal Ba7b6,Bb6b5,Bb5b4,Bb4c3][%mdl 32]} (21... Qxb6 $6 22. h4 $14) 22. h4 b5 {[#] Hoping for ...b4.} ({Reject} 22... Qxa2 $6 {[#]} 23. Ng5 $1 $14 {[%mdl 512]}) 23. Ng5 $1 {[%mdl 512]} b4 (23... fxg5 24. Qxg2) 24. Qxf6 (24. Qxg2 $16 fxg5 25. Qg4+ Kc7 26. hxg5 Qxa2 27. Rh7+ Kb8 28. Qe6 bxc3+ 29. Kd1 Qb1+ 30. Bc1) 24... bxc3+ $11 25. Ke2 Rf8 $1 $36 {[%cal Rf8f6][%mdl 2048] Black has good play.} ({But not} 25... Qb5+ $2 26. Kf3 $18) 26. Qe6+ Kc7 {( -> ...Qb5+)} 27. Nf7 Ba3 {aiming for ...Rgg8.} 28. Rb1 {White threatens Bf4+ and mate.} Kb8 $1 {Threatens to win with ...Rgg8.} 29. Qxc6 $1 {[%csl Gb1][%cal Rc6b7]} Qc7 $2 {[%mdl 8192]} (29... Bb4 $1 $11 {and Black has nothing to worry.} 30. Rxb4 (30. Bf4+ $2 Ka7 $19) 30... Qxb4 31. Qxd5 Rg1) 30. Bf4 $4 {[%mdl 8192] [#]} (30. Qxd5 $18 Qxf7 31. Qxg2) 30... Rxf2+ $1 $19 {[%mdl 512]} 31. Kxf2 Qxf4+ 32. Kg2 Qg4+ {Precision: White = 37%, Black = 40%.} 0-1

[Event "9th LCC FIDE Open 2017"]
[Site "London"]
[Date "2017.12.08"]
[Round "8"]
[White "McDonald, Neil"]
[Black "Cherniaev, Alexander"]
[Result "1/2-1/2"]
[WhiteElo "2397"]
[BlackElo "2436"]
[Annotator "TA"]
[PlyCount "157"]
[EventDate "2017.??.??"]
[EventCountry "ENG"]
[SourceTitle "playchess.com"]
[Source "ChessBase"]
[SourceQuality "1"]

{[%evp 18,157,0,-25,1,-27,-25,-32,-41,-33,-33,-47,-30,-29,-34,-47,-38,-41,-41,-41,-39,-62,-66,-68,-70,-75,-87,-129,-114,-117,-115,-151,-142,-145,-119,-167,-141,-295,0,-174,-195,-173,-164,-177,-177,-164,-167,-187,-178,-301,-313,-312,-299,-539,-179,-173,-61,-53,0,0,0,0,0,0,0,-29,-26,-32,-33,-40,0,0,10,13,274,271,267,272,258,272,270,267,260,245,237,237,252,236,267,260,249,249,670,191,245,115,1700,1683,1650,1220,731,452,696,0,0,0,0,0,0,0,0,0,0,0,0,0,0,0,0,0,0,0,0,0,0,0,0,0,0,0,0,0,0,0,0,0,0,0,0,0,0,0]} 1. e4 g6 2. d4 Bg7 3. Nc3 c6 4. Be3 d5 5. f3 Qb6 6. exd5 {B15: Caro-Kann: 3 Nc3: 3...g6 and 3...dxe4 4 Nxe4 Nf6 5 Nxf6+ exf6} (6. Qd2 Qxb2 7. Rb1 Qa3 8. exd5 Nf6 9. dxc6 bxc6 10. Bd3 O-O 11. Nge2 Nbd7 12. O-O Ba6 13. Rb3 Qa5 14. Ne4 Qxd2 15. Bxd2 Bxd3 16. cxd3 {½-½ (27) Najer,E (2706)-Rozum,I (2573) Sochi 2017}) 6... Qxb2 7. Nge2 Nf6 8. dxc6 bxc6 9. Rb1 Qa3 10. Qd2 {LiveBook: 3 Games} Ba6 11. Nf4 (11. Rb3 $5 {[%cal Rb3a3]} Qa5 12. Kf2 $14) 11... Bxf1 12. Rxf1 O-O 13. Kf2 Rd8 14. Rb3 $146 Qd6 15. Rd1 Nbd7 16. g3 Qc7 17. Qe2 Nb6 18. Kg2 Nfd5 19. Nfxd5 cxd5 20. Bf4 Qd7 21. h4 Rac8 22. h5 Rc4 23. h6 Bf8 ({And not} 23... Bxd4 24. Rxd4 $1 {[%mdl 512]} Rxd4 25. Qe5 $16) 24. g4 Rdc8 25. Rd3 R8c6 26. Kg3 Qc8 {[%cal Rc4c3]} 27. Qe3 $2 {[#]} (27. Qe1 $17) 27... Qd7 $2 (27... e5 $1 $19 {[%mdl 512]} 28. Bxe5 (28. dxe5 d4) 28... f6) 28. Kh3 $2 (28. Qe2 $1 $11 {and White has nothing to worry.}) 28... f6 $19 29. Bg3 g5 30. a4 Bxh6 31. a5 Nc8 $1 32. Rb8 Bf8 33. Nb5 (33. Kg2 $142) 33... Rxc2 34. Na3 Rc1 35. Rdb3 $2 {[#]} (35. Rb1 {is a better defense.} Rxb1 36. Nxb1) 35... Rh1+ $2 (35... e5 $1 36. R8b7 (36. dxe5 Qg7) 36... Qe6) 36. Kg2 Rcc1 ({Better is} 36... Ra1 $19 {aiming for ...e5!} 37. R3b7 Qe8) 37. R3b7 {[#]} Qa4 {[#]} ({Black should play} 37... Rcg1+ $1 $15 38. Kf2 (38. Qxg1 Rxg1+) 38... Rf1+ 39. Kg2 Rfg1+ $1 {[%mdl 512]} 40. Qxg1 Rxg1+ 41. Kxg1 Qe6) 38. Rxc8 $1 $11 {[%mdl 512]} Rxc8 39. Kxh1 Qd1+ $1 40. Kg2 Rc1 {( -> ...Qh1+)} 41. Qe1 Qxe1 42. Bxe1 Rxe1 43. Rxa7 {[%mdl 4096] Endgame KRB-KRN} Re2+ 44. Kf1 $1 {[%cal Rf1e2]} Ra2 45. Nb5 e5 $2 {[%mdl 8192]} (45... Ra1+ $11 46. Ke2 Kf7) 46. Nc3 $1 $18 {[%csl LRa2,LRd5]} Ra1+ 47. Ke2 exd4 48. Nxd5 Bd6 49. Nxf6+ Kf8 50. Nxh7+ Ke8 51. Nf6+ ({Much less strong is} 51. Nxg5 $6 Ra3 $16) 51... Kf8 52. Ne4 Bf4 53. Nc5 $1 Be3 54. a6 {Threatens to win with Rb7.} Bg1 $2 (54... Ra2+ 55. Kd3 Bg1) 55. Kd3 $2 (55. Rc7) 55... Ra3+ 56. Ke4 (56. Kc4 $18 {is the precise move to win.}) 56... Re3+ $2 {[%mdl 8192]} (56... d3 $16) 57. Kf5 $1 Rxf3+ 58. Kg6 $1 d3 {[#]} 59. Ra8+ $1 Ke7 {[#]} 60. Ne4 $2 (60. Re8+ $1 $18 {[%mdl 512]} Kxe8 61. a7) 60... Rf1 $1 $11 {The position is equal.} 61. Rb8 Ra1 62. Rb7+ Ke6 {...Be3 is the strong threat.} 63. Nxg5+ Kd5 64. Rd7+ Kc4 65. Nf3 {Strongly threatening Kf5.} Kc3 $1 66. Rc7+ Kb2 67. Rb7+ Kc3 68. Rc7+ Kb2 69. Kh5 Be3 70. Rb7+ Kc3 71. Rc7+ Kb2 72. g5 Rxa6 73. Ne5 {And now Nc4+ would win.} Kb1 74. Nxd3 Ra5 75. Rb7+ Ka1 76. Nb4 {Hoping for Nc2+.} Bxg5 77. Nc2+ Ka2 78. Nb4+ Ka1 79. Nc2+ {Precision: White = 51%, Black = 58%.} 1/2-1/2

[Event "9th LCC FIDE Open 2017"]
[Site "London"]
[Date "2017.12.08"]
[Round "8"]
[White "Van Delft, Merijn"]
[Black "Raja Harshit"]
[Result "1/2-1/2"]
[WhiteElo "2393"]
[BlackElo "2420"]
[Annotator "TA"]
[PlyCount "37"]
[EventDate "2017.??.??"]
[EventCountry "ENG"]
[SourceTitle "playchess.com"]
[Source "ChessBase"]
[SourceQuality "1"]

{[%evp 11,37,20,24,8,34,39,34,30,50,51,46,49,50,70,42,0,0,0,0,-19,0,0,0,0,0,0,0,0]} 1. e4 c5 2. Nf3 d6 3. d4 cxd4 4. Nxd4 Nf6 5. Nc3 a6 6. Bg5 Nbd7 7. Qe2 {B94: Sicilian Najdorf: 6 Bg5 Nbd7} h6 (7... Qc7 8. O-O-O e6 9. f4 b5 10. a3 Be7 11. g4 Rb8 12. Bg2 h6 13. Bh4 Bb7 14. Rhe1 Qc4 15. e5 dxe5 16. fxe5 Qxe2 17. Rxe2 Ng8 18. Bxb7 Rxb7 {½-½ (49) Ding,L (2759)-Zhou,J (2613) China 2017}) 8. Bh4 g6 9. f4 {White is slightly better.} e5 10. fxe5 dxe5 11. O-O-O Qc7 12. Nb3 b5 13. Rxd7 (13. Qf3 $5 {[%cal Rh4f6]} Bg7 14. Kb1 $14 (14. Nd5 Nxd5 15. exd5 Bb7 $15)) 13... Nxd7 {The position is equal.} 14. Nd5 {[%cal Rd5c7] [#]} Qb8 {[#]} 15. Bf6 $146 Nxf6 16. Nxf6+ Ke7 17. Nd5+ Ke8 18. Nf6+ Ke7 19. Nd5+ {Precision: White = 54%, Black = 56%.} 1/2-1/2

[Event "9th LCC FIDE Open 2017"]
[Site "London"]
[Date "2017.12.08"]
[Round "8"]
[White "Vo, Thi Kim Phung"]
[Black "Moussard, Jules"]
[Result "1-0"]
[WhiteElo "2380"]
[BlackElo "2576"]
[Annotator "TA"]
[PlyCount "85"]
[EventDate "2017.??.??"]
[EventCountry "ENG"]
[SourceTitle "playchess.com"]
[Source "ChessBase"]
[SourceQuality "1"]

{[%evp 9,85,39,52,48,51,39,52,45,50,55,64,42,70,54,70,66,53,30,41,37,100,100,100,64,82,69,131,75,100,86,75,89,92,83,88,100,124,111,132,102,79,86,67,0,83,40,50,29,63,57,33,27,49,31,35,37,45,7,400,382,387,331,320,292,370,286,585,572,538,477,810,756,966,906,2037,2011,29978,29978]} 1. d4 Nf6 2. c4 d6 3. Nf3 h6 (3... g6 4. Nc3 Bf5 5. d5 Bg7 6. Nd4 Bd7 7. e4 O-O 8. Be2 e6 9. Bg5 h6 10. Be3 exd5 11. exd5 Re8 12. Qd2 Kh7 13. O-O-O {0-1 (43) Akobian,V (2662)-Caruana,F (2799) Douglas 2017}) 4. Qc2 c6 $146 ({Predecessor:} 4... Bg4 5. Nc3 Nbd7 6. g3 c6 7. Bg2 Qb6 8. Be3 Qa5 9. O-O Bf5 10. Qb3 Rb8 11. d5 {½-½ (50) Nickoloff,B (2390)-Day,L (2370) Hamilton 1994}) 5. h3 Qa5+ 6. Bd2 {A53: Old Indian Defence without Nf3} Qf5 7. Qb3 e5 8. g4 {White is slightly better.} Qe6 9. Nc3 Nbd7 10. d5 Qe7 11. e4 Nc5 12. Qc2 a5 13. b3 g6 14. Be3 h5 {[#]} (14... Bg7 $14) 15. g5 $1 $16 {[%cal Rg5f6]} Nfd7 16. Nh4 Bg7 17. Rd1 Nf8 (17... O-O $14) 18. Rg1 ({White should try} 18. Bg2) 18... Bd7 19. Qd2 Nh7 20. Bg2 Rd8 21. Bf1 O-O 22. Bxc5 dxc5 23. d6 Qe8 24. Na4 $1 {[%csl LRa5,LRc5]} f6 25. gxf6 Rxf6 26. Qxa5 (26. Nxc5 $14 b6 27. Nxd7 Rxd7 28. c5) 26... Ra8 (26... g5 $1 $11) 27. Qxc5 {Strongly threatening Qe3.} Nf8 28. Qe3 {Black must now prevent Nf3.} Ne6 29. c5 Kh7 $1 30. Nf3 {Threatens to win with Be2.} Bh6 31. Qc3 Rf4 32. Be2 {aiming for Qc2.} Rxe4 {[#] And now ...Nf4 would win.} 33. Qc2 $36 {[%mdl 2048] Black is under pressure.} Rexa4 $2 {[%mdl 8192]} (33... Rxe2+ $1 $11 {and Black stays safe.} 34. Qxe2 Nf4) 34. bxa4 $18 Nf4 35. Ng5+ Kg7 36. h4 Qd8 37. Qb3 {White threatens Qf7+ and mate.} Nd5 $2 (37... Bxg5 38. Rxg5 Qa5+ 39. Rd2 Qxc5 40. Qxb7 Ra7) 38. Rxd5 cxd5 39. Bb5 Qe8 (39... Bxg5 $142 40. Rxg5 Be6 41. Rxe5 Qf6) 40. Qxd5 Bc6 41. d7 Qe7 42. Bxc6 Bxg5 43. Rxg5 {Precision: White = 82%, Black = 28%.} 1-0

[Event "9th LCC FIDE Open 2017"]
[Site "London"]
[Date "2017.12.08"]
[Round "8"]
[White "Krishna Teja, N."]
[Black "Henderson de La Fuente, Lance"]
[Result "1/2-1/2"]
[WhiteElo "2368"]
[BlackElo "2419"]
[Annotator "TA"]
[PlyCount "30"]
[EventDate "2017.??.??"]
[EventCountry "ENG"]
[SourceTitle "playchess.com"]
[Source "ChessBase"]
[SourceQuality "1"]

{[%evp 13,24,-41,37,26,33,15,14,15,9,16,26,-5,6]} 1. d4 d5 2. c4 e6 3. Nc3 c6 4. e3 Nf6 5. Nf3 Nbd7 6. Qc2 Bd6 7. e4 e5 (7... dxe4 $15 8. Nxe4 Nxe4 9. Qxe4 c5) 8. cxd5 {D45: Semi-Slav: 5 e3} cxd5 9. exd5 (9. Bg5 exd4 10. Nxd5 h6 11. Nxf6+ Nxf6 12. Bb5+ Kf8 13. Bd2 Qb6 14. Be2 Bg4 15. h3 Bh5 {1-0 (48) Makarov,M (2518)-Shomoev,A (2561) Krasnoyarsk 2007}) 9... O-O 10. Be2 exd4 11. Nxd4 Nb6 12. Bg5 Nbxd5 {Predecessor:} 13. Rd1 $146 Qa5 14. Ndb5 Bf4 15. Bxf4 Nxf4 {½-½ (56) Crouch,C (2407)-Buckley,D (2172) Scarborough 2001} 1/2-1/2